Attribus des dieux grecs - Statistiques

Statistiques générales
  • Ce quiz a été pris 62 fois
  • Le résultat moyen est 11 sur 16
Statistiques - réponses
Par images Réponse % Correct
Poséidon
100%
Zeus
100%
Arès
98%
Héphaïstos
97%
Athéna
95%
Déméter
84%
Artémis
79%
Hera
78%
Hermès
72%
Dionysos
69%
Perséphone
64%
Aphrodite
52%
Hestia
52%
Thémis
22%
Cronos
17%
Prométhée
14%
Aucun quiz correspondant
Distribution des résultats
% des personnes avec chaque résultat
Percentile par nombre de réponses
Votre historique - résultats
Vous n’avez pas pris ce quiz